| 000 | 00812 a2200229 4500 | ||
|---|---|---|---|
| 999 |
_c11435 _d11435 |
||
| 020 | _a9780470873734 | ||
| 050 | 0 | 0 |
_aHB 139 _bHIL 2012 |
| 100 | 1 |
_aHill,Carter _eauthor |
|
| 245 | 1 | 0 |
_aPrinciples of economics : _cCarter,Hill _bInternational student version / |
| 250 | _afourth edition | ||
| 264 |
_bJohn ,Wiley _c2012 |
||
| 300 |
_axxvi758 pages _bcol. ill., ; |
||
| 336 |
_2rdacontent _atext _btxt |
||
| 337 |
_2rdamedia _aunmediated _bn |
||
| 338 |
_2rdacarrier _avolume _bn |
||
| 500 | _aIncludes bibliographical references and index. | ||
| 504 | _aIncludes bibliographical references and index. | ||
| 650 | 0 | _aEconomics. | |
| 700 | 1 | _eauthor | |
| 942 |
_2lcc _cBK _e4thh _h139 _iHIL _kHB |
||